书目信息 |
| 题名: |
中国自然资源丛书:湖南卷
|
|
| 作者: | 中国自然资源丛书编撰委员会 编著 | |
| 分册: | ||
| 出版信息: | 北京 中国环境科学出版社 1997.12 |
|
| 页数: | 482页 | |
| 开本: | 32开 | |
| 丛书名: | ||
| 单 册: | ||
| 中图分类: | X37 | |
| 科图分类: | ||
| 主题词: | 自然资源--开发--合理 , 自然资源--环境? | |
| 电子资源: | ||
| ISBN: | 7-80093-718-6 | |
| 000 | 00706nam0 2200205 45 | |
| 001 | 0012021771 | |
| 005 | 20001212164912.2 | |
| 010 | @a7-80093-718-6@d35.00元 | |
| 100 | @a20001202d1997 km y0chiy0120 ea | |
| 101 | 0 | @achi |
| 105 | @a z 000yy | |
| 200 | 1 | @a中国自然资源丛书:湖南卷@AZhong Guo Zi Ran Zi YuanCong Shu:Hu Nan Juan@f中国自然资源丛书编撰委员会编著@FZhong Guo Zi Ran Zi Yuan Cong Shu Bian Zhuan WeiYuan Hui Bian Zhu |
| 210 | @a北京@c中国环境科学出版社@d1997.12 | |
| 215 | @a482页@d32开 | |
| 606 | 0 | @a自然资源@x开发@x合理 |
| 606 | 0 | @a自然资源@x环境? |
| 690 | @aX37@v3 | |
| 701 | 0 | @a中国自然资源丛书编撰委员会@4编著 |
| 801 | @aCN@bPftUser@c20001202 | |
| 905 | @dX37@eZH:939:29@b307445@f1 | |
| 中国自然资源丛书:湖南卷/中国自然资源丛书编撰委员会编著.-北京:中国环境科学出版社,1997.12 |
| 482页;32开 |
| ISBN 7-80093-718-6:35.00元 |
| ● |
| 相关链接 |
|
|
|
正题名:中国自然资源丛书:湖南卷
索取号:X37/ZH:939:29
 
预约/预借
| 序号 | 登录号 | 条形码 | 馆藏地/架位号 | 状态 | 备注 |
| 1 | 307445 | 203074458 | 自科库501/501自科库 67排2列2层/ [索取号:X37/ZH:939:29] | 在馆 |